000 00651nam a2200241Ia 4500
003 OSt
005 20221007110751.0
006 a|||||r|||| 00| 0
007 ta
008 221006b |||||||| |||| 00| 0 eng d
024 _a21,839
037 _cTextual
040 _aLCO
_cLCO
_beng
041 _2eng
_aeng
082 _aX8(A):Z2,91, L6
100 _aChandra Mahesh
245 0 _aIndustrial Jurisprudence
260 _aBombay
_bN.M. Tripathi Private Limited India
_c1976
300 _a176
650 _aINDUSTRIAL JURISPRUDENCE
_9706855
942 _hX8(A):Z2,91, L6
_cTEXL
999 _c1191402
_d1191402